000 00818cam a2200289 4500500
005 20260329005140.0
041 _afre
042 _adc
100 1 0 _ade Oliveira, Victorine
_eauthor
245 0 0 _a“Entretiens”, d’Épictète. L’enseignement de l’indifférence
260 _c2022.
500 _a35
690 _aDépendance
690 _aDevoir
690 _aÉpictète
690 _aEsclave
690 _aExercice
690 _aIndifférence
690 _aLiberté
690 _aReprésentation
690 _aRome
690 _aSouffrance
690 _aStoïcisme
690 _aVertu
786 0 _nPhilosophie magazine | 162 | 9 | 2022-09-01 | p. 39-41 | 1951-1787
856 4 1 _uhttps://shs.cairn.info/magazine-philosophie-magazine-2022-9-page-39?lang=fr&redirect-ssocas=7080
999 _c1840741
_d1840741